Квиз о Шведској - Statistics

General Stats
  • This quiz has been taken 158 times
  • The average score is 11 of 21
Answer Stats
Опис Одговор % Correct
Главни град Стокхолм
96%
Регија у коју спадају Шведска, Норвешка и Данска Скандинавија
89%
Валута Круна
84%
Познати произвођач намештаја ИКЕА
81%
Међународна награда за физику, књижевност, медицину итд. {Нобелова} награда
81%
Велики град у близини Данске Малме
80%
Познати произвођачи аутомобила Волво
75%
Најпродаванија шведска музичка групасвих времена АББА
71%
Тенисер које је освојио 5 Вимблдона заредом Бјорн Борг
67%
Други највећи град Гетеборг
51%
Презиме глумице Ингрид и режисера Ингмара (нису у крвном сродству) Бергман
51%
Шведски назив за Шведску Свериге
44%
Познати произвођачи аутомобила САБ
41%
Црква Шведске припада овој грани Протестантизма Лутеранска
30%
Најпознатија марка вотке из Шведске Абсолут
23%
Мост који спаја град изнад и Копенхаген Ересундски мост
20%
Врста рибе коју Швеђани често киселе Харинга
19%
Залив између Шведске и Финске {Ботнијски} залив
19%
Светица чији дан обележавају 13. децембра Света {Луција}
18%
Највеће острво Готланд
15%
Серијал књига у којима се појављује лик Лизбет Саландер Миленијум
15%
No matching quizzes found
Score Distribution
Percent of People with Each Score
Percentile by Number Answered
Your Score History
You have not taken this quiz